000
00271nam a2200109Ia 4500
008
190914s9999||||xx |||||||||||||| ||und||
100
_a
Shyam Dua
245
4
_a
The Luminous Life of Kapil Dev
260
_a
Pakistan
_b
FEP International
_c
2001
300
_a
415
942
_c
BK
999
_c
8958
_d
8958